Animated Villains - Statistics

General Stats
  • This quiz has been taken 32 times
  • The average score is 8 of 16
Answer Stats
Picture Answer % Correct
Scar
100%
Ursula
90%
Cruella De Vil
87%
Maleficent
83%
Gaston
73%
Lord Farquaad
67%
Syndrome
63%
Spot
57%
Oogie Boogie
47%
Claude Frollo
37%
Lord Business
37%
The Once-ler
27%
Russ Cargill
17%
The Phantasm
17%
Swarm
13%
Spooky Space Kook
7%
No matching quizzes found
Score Distribution
Percent of People with Each Score
Percentile by Number Answered
Your Score History
You have not taken this quiz